| 000 | 005620000a22002170004500 | ||
|---|---|---|---|
| 001 | 30 | ||
| 003 | CO-MdFUSB | ||
| 005 | 20170615171047.0 | ||
| 008 | 170615b xxu||||| |||| 00| 0 eng d | ||
| 020 | _a958-04-7074-X | ||
| 040 | _cCO-MdBIC | ||
| 082 | 0 | 4 | _a863C B862dl |
| 100 | 1 | _aGorbacheu, Valeri | |
| 245 | 1 | 0 | _aUn día de lluvia / Valeri Gorbachev, Cristina Puerta : traductora |
| 260 | _aBogota : Norma | ||
| 300 | _a[ 40 P.] | ||
| 500 | _aCuentos infantiles Ucranios. | ||
| 505 | 0 | 0 | _aTema la lluvia |
| 650 | 1 | 4 | _aLiteratura infantil |
| 942 | _cLGB | ||
| 999 |
_c47290 _d47290 |
||